00590cam a22002174a 45000010009000000050017000090080041000260100017000670200031000840200028001150400013001430410008001560800012001640820016001761000007001921010007001992450092002069060045002989420012003439990017003551594700520180220091058.0091015s2011 aa 001 0 eng  a 2009042931 a9780073527109 (alk. paper) a0073527106 (alk. paper) aDLCcDLC aeng a657 PHI00a657 PHI2221 a62 aKF10aFundamentals of financial accounting /cFred Phillips, Robert Libby, Patricia A. Libby. a7bcbccorignewd1eecipf20gy-gencatlg 2ddccBK c42943d42943